000 00478cam a2200205ua 4500
001 7937
005 20260515114254.0
008 150110n ii |||gr||||Z||||||hin
040 _cMAIN
041 _ahin
082 _a651.7
100 _aAarchya, M.,
_eAuthor.
245 _aVyavshayik hindi
_cBy Modilal Aarchya
250 _a1st.
260 _aBaranasi:
_bHindi,
_c1971.
300 _a352p.
653 _aOffice services
653 _aBusiness communication
942 _cBK
999 _c7052
_d7052